Victor Horta (Record no. 684)

MARC details
000 -CABECERA
campo de control de longitud fija 01168nam a2200289 a 4500
001 - NÚMERO DE CONTROL
campo de control BRCA_788
005 - FECHA Y HORA DE LA ÚLTIMA TRANSACCIÓN
campo de control 20190320203142.0
008 - DATOS DE LONGITUD FIJA--INFORMACIÓN GENERAL
campo de control de longitud fija 830111s1980 be-a---##b---#000-0#fre-#
040 ## - FUENTE DE LA CATALOGACIÓN
Centro catalogador/agencia de origen DLC
Centro/agencia transcriptor DLC
Centro/agencia modificador DLC
041 ## - CÓDIGO DE LENGUA
Código de lengua del texto/banda sonora o título independiente freeng
044 ## - CÓDIGO DEL PAÍS DE LA ENTIDAD EDITORA/PRODUCTORA
Código MARC del país be
050 #4 - SIGNATURA TOPOGRÁFICA DE LA BIBLIOTECA DEL CONGRESO
Número de clasificación NA7366.H6
Número de documento/Ítem .O57 1980
100 1# - ENTRADA PRINCIPAL--NOMBRE DE PERSONA
Nombre de persona Oostens-Wittamer, Yolande
9 (RLIN) 2619
245 10 - MENCIÓN DE TÍTULO
Título Victor Horta
Resto del título L´Hôtel Solvay = The Solvay House
Mención de responsabilidad, etc. by Yolande Oostens-Wittamer ; préface par Raymond Lemaire ; translation by John A. Gray.
260 ## - PUBLICACIÓN, DISTRIBUCIÓN, ETC.
Lugar de publicación, distribución, etc. Bruselas
Nombre del editor, distribuidor, etc. Louvain-La-Neuve : Institut Supérieur D´Archéologie et D´Histoire de L´Art : Collège Érasme
Fecha de publicación, distribución, etc. 1980
300 ## - DESCRIPCIÓN FÍSICA
Extensión 2 v.
Otras características físicas il. (algunas a color)
Dimensiones 32 cm.
504 ## - NOTA DE BIBLIOGRAFÍA, ETC.
Nota de bibliografía, etc. Bibliografía : p. 305 (v.1)
505 0# - NOTA DE CONTENIDO CON FORMATO
Nota de contenido con formato Contenido : v.1. Texto. -- v.2. Reproductions of architectural drawings by Victor Horta
546 ## - NOTA DE LENGUA/LENGUAJE
Nota de lengua/lenguaje Texto en : francés e inglés
600 14 - PUNTO DE ACCESO ADICIONAL DE MATERIA--NOMBRE DE PERSONA
Nombre de persona Horta, Victor
Títulos y otros términos asociados al nombre Baron
Fechas asociadas al nombre 1861-1947
9 (RLIN) 2620
650 14 - PUNTO DE ACCESO ADICIONAL DE MATERIA--TÉRMINO DE MATERIA
Término de materia o nombre geográfico como elemento de entrada Art Nouveau
Subdivisión cronológica Siglo XIX
Subdivisión geográfica Bélgica
9 (RLIN) 2621
651 #4 - PUNTO DE ACCESO ADICIONAL DE MATERIA--NOMBRE GEOGRÁFICO
Nombre geográfico Bruselas, Bélgica
Subdivisión general Edificios, estructuras, etc.
Subdivisión cronológica Siglo XIX
9 (RLIN) 2622
700 1# - PUNTO DE ACCESO ADICIONAL--NOMBRE DE PERSONA
Nombre de persona Lemaire, Raymond
9 (RLIN) 2623
700 1# - PUNTO DE ACCESO ADICIONAL--NOMBRE DE PERSONA
Nombre de persona Gray, John A.
9 (RLIN) 2624
740 0# - PUNTO DE ACCESO ADICIONAL--TÍTULO RELACIONADO O ANALÍTICO NO CONTROLADO
Título relacionado o analítico no controlado The Solvay House
942 ## - ELEMENTOS DE PUNTO DE ACCESO ADICIONAL (KOHA)
Fuente del sistema de clasificación o colocación Library of Congress Classification
Tipo de ítem Koha Libros
Holdings
Estado de retiro Estado de pérdida Estado dañado No para préstamo Localización permanente Ubicación/localización actual Fecha de adquisición Total de préstamos Signatura topográfica completa Código de barras Fecha visto por última vez Precio válido a partir de Tipo de ítem Koha Código de colección
El ejemplar forma parte de la colección y puede ser consultado según las políticas vigentes.       Biblioteca del Museo Franz Mayer (Rogerio Casas-Alatriste) Biblioteca del Museo Franz Mayer (Rogerio Casas-Alatriste) 26/06/2008   NA7366.H6 .O57 1980 01188 22/03/2019 22/03/2019 Libros  
El ejemplar forma parte de la colección y puede ser consultado según las políticas vigentes.       Biblioteca del Museo Franz Mayer (Rogerio Casas-Alatriste) Biblioteca del Museo Franz Mayer (Rogerio Casas-Alatriste) 22/10/2010   NA7366.H6 .O57 1980 01189 22/03/2019 22/03/2019 Libros Acervo General